000 01223nam a22003497a 4500
003 CHAP
005 20220329140602.0
008 971013s1987 r 00010 d
010 _a54311
011 _a55283
035 _a59435
040 _cCHAP
090 _aTesis
100 0 0 _aSánchez Venegas, Gustavo.
_9107914
245 _aEstudio preliminar sobre distribución y variabilidad de Opuntia joconostle Weber, en el estado de Zacatecas
260 _aChapingo, Méx. :
_bEl autor,
_c1987
300 _a126 h.
_b: ilus.
502 _aTesis (Ing. Agr. Esp. en Fitotecnia) -- UACH. Departamento de Fitotecnia
590 _aALEPH
_b10
_c20130110
_lUCH01
_h1331
590 _aBATCH-UPD
_b10
_c20130110
_lUCH01
_h0201
590 _aBATCH-UPD
_b10
_c20130110
_lUCH01
_h1810
590 _aBATCH-UPD
_b10
_c20130409
_lUCH01
_h2208
590 _aBATCH-UPD
_b10
_c20130410
_lUCH01
_h1145
590 _aBATCH-UPD
_b10
_c20130914
_lUCH01
_h0843
590 _aCONVERSION
_b10
_c20130109
_lUCH01
_h1329
650 1 4 _aCardenche.
_918877
650 1 4 _aNopal
_xFisiología y morfología.
_981671
650 1 4 _aTuna
_xFisiología y morfología.
_9115553
901 _aBK
942 _cTESIS
949 _bBC
_cTES
_d-128480
_eTS1
_h19477
_i59435
_si
999 _c54311
_d54311